000 01016nam a2200193 a 4500
001 43301
005 20180714021756.0
008 140415s1998 ck 000 0 spa d
020 _a9589567746
041 _aspa
082 _a330.1543
_bESC
100 1 _aESCOBAR URIBE, DIEGO
245 1 0 _aINTRODUCCION A LA ECONOMIA MATEMATICA
250 _a1a ed.
260 _aCOLOMBIA :
_bGRUPO EDITORIAL IBEROAMERICA,
_c1998
300 _a241
_cx 18.8 x 23.7
520 _aESTE TEXTO TIENE COMO OBJETIVO DARLE A LOS ESTUDIOSOS DE LA ECONOMÍA EL INSTRUMENTO BÁSICO PARA PODER ADENTRARSE EN UN MUNDO EN ELQUE LA TEORÍA SE EXPONE CON MAYOR FUERZA POR MEDIO DE LAS MATEMÁTICAS. LA FUNDAMENTACIÓN ASI ADQUIRIDA LE DARA AL LECTOR LOS PREREQUISITOS NECESARIOS PARA PENETRAR TEMAS Y SOBRETODO MODELOS AÚN MAS PROFUNDOS. ESTE TEXTO ES EN SI MISMO UNA INTRODUCCIÓN AL MUNDO DE LA ECONOMÍA MATEMÁTICA , DEJANDO ABIERTA LA POSIBILIDAD DE PROFUNDIZAR EN TODOS LOS TEMAS AQUI
650 1 4 _aECONOMIA MATEMATICA
999 _c43301
_d43301